English grammar

Kaydedildi:
Detaylı Bibliyografya
Yazar: Collins, Peter
Materyal Türü: Kitap
Baskı/Yayın Bilgisi: Macmillan 2000
Etiketler: Etiketle
Etiket eklenmemiş, İlk siz ekleyin!
Thư viện lưu trữ: Mạng thư viện Đại học Đà Nẵng
LEADER 00750nam a2200241 a 4500
001 000042071
003 8083
005 20171030155812.0
008 171030s2000
040 |a LNN 
082 0 |a 425  |b CO-P 
100 1 |a Collins, Peter 
245 0 0 |a English grammar  |c Peter Collins and Carmella Hollo. 
260 |b Macmillan  |c 2000 
OWN |a LNN 
AVA |a UDN50  |b LNN  |d 425 CO-P  |e available  |t Error 5001 Not defined in file expand_doc_bib_avail.  |f 1  |g 0  |h N  |i 0  |k 1 
999 |a From the UDN01 
AVA |a UDN50  |b LNN  |d 425 CO-P  |e available  |t Error 5001 Not defined in file expand_doc_bib_avail.  |f 1  |g 0  |h N  |i 0  |k 1 
TYP |a Monograph 
TYP |a Printed language 
980 |a Mạng thư viện Đại học Đà Nẵng